| 000 | 00438nam a22001697a 4500 | ||
|---|---|---|---|
| 003 | OSt | ||
| 005 | 20140326113708.0 | ||
| 008 | 140326b xxu||||| |||| 00| 0 eng d | ||
| 020 | _a9832611865 | ||
| 050 |
_aREF 530 _bB592 19-- |
||
| 245 | _aThe Big Book of Science Experiments / | ||
| 260 |
_aMalaysia : _bEarly Leaner, _c19--. |
||
| 300 |
_a92 p. : _bcol. ill. ; _c25 cm. |
||
| 650 | _aExperiments | ||
| 942 |
_2lcc _cBK |
||
| 999 |
_c48775 _d48775 |
||